| 000 | 00634nam a2200217 a 4500 | ||
|---|---|---|---|
| 001 | 24207 | ||
| 003 | CO-ViMGA | ||
| 008 | 141112s2004 ck r 000 u spa d | ||
| 020 | _a9789583018213 | ||
| 040 |
_aCO-ViMGA _bspa _cCO-ViMGA |
||
| 082 | 0 | 4 | _a574.3 H384l |
| 100 | 1 |
_aHewitt, sally _9946 |
|
| 245 | 1 | 0 |
_aLos ciclos de la vida / _csally Hewitt |
| 260 |
_aColombia : _bPanaméricana |
||
| 300 |
_a32 p. : _b26 cm. |
||
| 490 | _aDescubre la naturaleza | ||
| 650 | 1 | 4 |
_aCICLO VITALES (BIOLOGIA) _9947 |
| 650 | 1 | 4 |
_aCICLOS VITALES DE LOS ANIMALES _9949 |
| 650 | 1 | 4 |
_aVIDA (BIOLOGIA) - ENSEÑANZA ELEMENTAL _9948 |
| 942 |
_2ddc _cBK |
||
| 999 |
_c37335 _d37335 |
||